Elements of Real Analysis (Record no. 8931)

000 -LEADER
fixed length control field 00798nam a2200289 a 4500
003 - CONTROL NUMBER IDENTIFIER
control field PK-NaQUE
005 - DATE AND TIME OF LATEST TRANSACTION
control field 20250527093801.0
008 - FIXED-LENGTH DATA ELEMENTS--GENERAL INFORMATION
fixed length control field 250527b ||||| |||| 00| 0 eng d
020 ## - INTERNATIONAL STANDARD BOOK NUMBER
International Standard Book Number 8121903068 (paperback)
020 ## - INTERNATIONAL STANDARD BOOK NUMBER
International Standard Book Number 9788121903066 (paperback)
040 ## - CATALOGING SOURCE
Transcribing agency QUEST
082 ## - DEWEY DECIMAL CLASSIFICATION NUMBER
Classification number 515.8NAR
100 1# - MAIN ENTRY--PERSONAL NAME
Personal name Narayan, Shanti.
245 10 - TITLE STATEMENT
Title Elements of Real Analysis
260 ## - PUBLICATION, DISTRIBUTION, ETC. (IMPRINT)
Place of publication, distribution, etc New Delhi
Name of publisher, distributor, etc S Chand & Co Ltd,
Date of publication, distribution, etc 2003.
300 ## - PHYSICAL DESCRIPTION
Extent IRP
650 ## - SUBJECT ADDED ENTRY--TOPICAL TERM
Topical term or geographic name as entry element Mathematical analysis
650 ## - SUBJECT ADDED ENTRY--TOPICAL TERM
Topical term or geographic name as entry element Numbers, Real
650 ## - SUBJECT ADDED ENTRY--TOPICAL TERM
Topical term or geographic name as entry element Numerical analysis
650 ## - SUBJECT ADDED ENTRY--TOPICAL TERM
Topical term or geographic name as entry element Mathematics
650 ## - SUBJECT ADDED ENTRY--TOPICAL TERM
Topical term or geographic name as entry element Numerical integration
650 ## - SUBJECT ADDED ENTRY--TOPICAL TERM
Topical term or geographic name as entry element Power series
650 ## - SUBJECT ADDED ENTRY--TOPICAL TERM
Topical term or geographic name as entry element Functions
700 ## - ADDED ENTRY--PERSONAL NAME
Personal name Raisinghanian, M D
856 40 - ELECTRONIC LOCATION AND ACCESS
Uniform Resource Identifier http://10.10.170.122:8080/browse/book/21354
Link text Download eBook
942 ## - ADDED ENTRY ELEMENTS (KOHA)
Koha item type Books
Source of classification or shelving scheme
Holdings
Withdrawn status Lost status Damaged status Not for loan Collection code Permanent Location Current Location Date acquired Cost, normal purchase price Total Checkouts Full call number Barcode Date last seen Date checked out Koha item type Price effective from
          Central Library, QUEST, Nawabshah Central Library, QUEST, Nawabshah 2014-08-21 400.00 4 515.8NAR 33169 2024-09-23 2024-09-18 Books 2014-08-21
          Central Library, QUEST, Nawabshah Central Library, QUEST, Nawabshah 2014-10-15 468.00   515.8NAR 34654 2015-08-12   Books 2014-10-15
          Central Library, QUEST, Nawabshah Central Library, QUEST, Nawabshah 2014-10-15 468.00 3 515.8NAR 34655 2025-11-12 2020-10-21 Books 2014-10-15
          Central Library, QUEST, Nawabshah Central Library, QUEST, Nawabshah 2014-10-15 468.00 4 515.8NAR 34656 2023-06-12 2023-02-06 Books 2014-10-15
          Central Library, QUEST, Nawabshah Central Library, QUEST, Nawabshah 2014-10-15 468.00 5 515.8NAR 34657 2024-03-21 2023-12-06 Books 2014-10-15
          Library for Girls Library for Girls 2014-09-30 1363.00   515.8NAR 32882 2025-05-27   Books 2025-05-27
        Reference Reference Section Reference Section 2014-08-21 400.00 1 515.8NAR (Shelf - 29A) 33168 2014-10-02 2014-08-28 Books  

Copyright © 2018,The QUEST, Nawabshah, Shaheed Benazirabad. All rights reserved
Mr. G. Farooq Channar (Librarian) QUEST, Nawabshah, Sindh, Pakistan 67480.
 Ph#: |   0244-9370381-4 Ext. 2308   Email| lib@quest.edu.pk   Web|  http://www.quest.edu.pk